Detalles MARC
| 000 -CABECERA |
| campo de control de longitud fija |
00816nam a2200217 a 4500 |
| 001 - NÚMERO DE CONTROL |
| campo de control |
000030901 |
| 003 - IDENTIFICADOR DEL NÚMERO DE CONTROL |
| campo de control |
DO-SdBNP |
| 005 - FECHA Y HORA DE LA ÚLTIMA TRANSACCIÓN |
| campo de control |
20220713101613.0 |
| 007 - CAMPO FIJO DE DESCRIPCIÓN FÍSICA--INFORMACIÓN GENERAL |
| campo de control de longitud fija |
ta |
| 008 - DATOS DE LONGITUD FIJA--INFORMACIÓN GENERAL |
| campo de control de longitud fija |
110606s2019 dr ac r 000 0 spa d |
| 040 ## - FUENTE DE LA CATALOGACIÓN |
| Centro catalogador/agencia de origen |
DO-SdBNP |
| Lengua de catalogación |
spa |
| Centro/agencia transcriptor |
BNPHU |
| 082 #4 - NÚMERO DE LA CLASIFICACIÓN DECIMAL DEWEY |
| Número de edición |
22 |
| 111 2# - ENTRADA PRINCIPAL--NOMBRE DE CONGRESO/REUNIÓN |
| Nombre de congreso/reunión o jurisdicción como elemento de entrada |
Exposición nacional de mu;ecas |
| Fecha del congreso/reunión |
(2019: |
| Sede del congreso/Lugar de la reunión |
Santo Domingo |
| Número del congreso/reunión o número de parte o sección |
8 de agosto 2019 ) |
| 9 (RLIN) |
57422 |
| 245 10 - MENCIÓN DE TÍTULO |
| Título |
2da. muestra cultural Japón-República Dominicana : |
| Resto del título |
exposición de muñecas ciclo de cine, charlas, talleres y poesía tanka |
| 246 ## - FORMA VARIANTE DE TÍTULO |
| Título propio/Titulo breve |
Segunda muestra cultural Japón-República Dominicana : |
| Resto del título |
exposición de muñecas ciclo de cine, charlas, talleres y poesía tanka |
| 260 ## - PUBLICACIÓN, DISTRIBUCIÓN, ETC. |
| Lugar de publicación, distribución, etc. |
Santo Domingo : |
| Nombre del editor, distribuidor, etc. |
Banreservas, |
| Fecha de publicación, distribución, etc. |
2019. |
| 300 ## - DESCRIPCIÓN FÍSICA |
| Extensión |
22 p. : |
| Dimensiones |
22 cm. |
| Otras características físicas |
il. ; |
| 590 ## - NOTA LOCAL (RLIN) |
| Nota local |
Inventariado, 2022 / DG |
| 910 ## - DATOS DE OPCIÓN DEL USUARIO (OCLC) |
| Datos de opción del usuario |
DG |
| 942 ## - ELEMENTOS DE PUNTO DE ACCESO ADICIONAL (KOHA) |
| Fuente del sistema de clasificación o colocación |
Dewey Decimal Classification |
| Tipo de ítem Koha |
Libro |